1279 1123 1964 1216 1596 1070 1794 1857 1242 1691 1762 1586 1582 1598 1319 1175 1509 1721 1980 1833 1707 1942 1095 1033 1425 1833 1868 1039 1373 1504 1148 1291 1979 1129 1950 1533 1866 1157 1273 1299 1915 1885 1552 1231 1562 1617 1416 1367 1921 1351 1458 1526 1358 1285 1874 1329 1717 1570 1137 1193 1538 1408 1719 1348 1271 1509 1583 1053 1718 1573 1923 1379 1115 1908 1751 1952 1912 1242 1135 1270 1290 1135 1814 1815 1527 1122 1289 1088 1450 1658 1096 1490 1970 1639 1323 1511 1689 1486 1836 BCNSPRNW ULIB Ver.6.0+V

เปลี่ยนเป็นภาษาไทย

Change to English
 แสดงรายละเอียดบรรณานุกรม
  กลับหน้าหลัก

Brief Record : Get Marc (ISO 2709) : E-mail record : QR code < ปิดหน้าต่าง
LEADER : 00000nam 2200000uu 4500
001    13399110575
003     ULIB
008    110603s2551||||th 000 0 tha d
020    9789747152791
060  4 WQ152^bอ873ค 2551
100 0  เอกชัย โควาวิสารัช
245 10 คลอดเองได้ ง่ายนิดเดียว/^cเอกชัย โควาวิสารัช
250    พิมพ์ครั้งที่ 1
260    กรุงเทพฯ :^bรักลูกกรุ๊ป,^c2551
650  7 การคลอด
650  7 เตรียมตัวก่อนคลอด
945    ^p155^l0^i026163
945    ^p155^l0^i026162
945    ^p155^l0^i026161
995    ทศพร
999 ^a ใช้งานได้ทุกระบบ
รายการนี้ยังไม่มีแท็ก
คุณยังไม่ได้ล็อกอิน คุณสามารถมีกิจกรรมร่วมกับเว็บไซต์ได้ แต่ต้องล็อกอินก่อน ::
  ล็อกอิน

รายการสื่อสารสนเทศ

ลำดับที่ ประเภท เลขเรียก/บาร์โค้ด สถานที่ สถานะ
- ไม่พบข้อมูล -

รายการใกล้เคียง
    ผู้แต่ง [เอกชัย โควาวิสารัช]

    หัวเรื่อง [การคลอด]
    หัวเรื่อง [เตรียมตัวก่อนคลอด]

BibComment


ยังไม่เคยถูกคอมเมนท์

คอมเมนท์ทรัพยากรรายการนี้
  คอมเมนท์: คลอดเองได้ ง่ายนิ..


 Copyright 2026. Bcnsprnw @Library